| 000 | 007030000a22002170004500 | ||
|---|---|---|---|
| 003 | LK-CoMWRAF | ||
| 005 | 20240113123515.0 | ||
| 008 | 230817t2001 ||||| |||| 00| 0 eng d | ||
| 040 |
_aLK-CoMWRAF _dLK-CoMWRAF _eLK-CoMWRAF |
||
| 041 | _aeng | ||
| 082 |
_a305.23 _bSOU |
||
| 110 | _a South Asia Partnership International | ||
| 245 |
_aCommercial sexual exploitation of children : _ba review of south Asia - Nepal perspective 2001 |
||
| 260 |
_aColombo: _bSouth Asia Partnership International, _c2001 |
||
| 300 | _a 74 p. : ill. ; 30 cm | ||
| 650 | _aChild prostitution- Nepal | ||
| 650 | _aChild sexual abuse- Nepal | ||
| 700 | _aBhadra, Rita | ||
| 700 |
_aAmeresekere, Bimali _eed. |
||
| 942 | _cBK | ||
| 999 |
_c485 _d485 |
||